Normal view
MARC view
Entry Θεματικός όρος
001 - ΑΡΙΘΜΟΣ ΕΛΕΓΧΟΥ
- Πεδίο ελέγχου: 10205
005 - ΗΜΕΡΟΜΗΝΙΑ - ΩΡΑ ΤΕΛΕΥΤΑΙΑΣ ΕΝΗΜΕΡΩΣΗΣ
- Πεδίο ελέγχου: 20251223132203.0
008 - ΣΤΟΙΧΕΙΑ ΔΕΔΟΜΕΝΩΝ ΣΤΑΘΕΡΟΥ ΜΗΚΟΥΣ
- Πεδίο ελέγχου σταθερού μήκους: 251223|| aca||babn | a|a d
040 ## - ΠΗΓΗ ΚΑΤΑΛΟΓΟΓΡΑΦΗΣΗΣ
- Φορέας πρωτότυπης καταλογογράφησης: GR-AtMCL
- Γλώσσα καταλογογράφησης: gre
- Φορέας που τροποποιεί: GR-AtMCL
- Κανόνες περιγραφής: AACR2
150 ## - ΕΠΙΚΕΦΑΛΙΔΑ – ΘΕΜΑΤΙΚΟΣ ΟΡΟΣ
- Θεματικός όρος ή γεωγραφικό όνομα ως στοιχείο αναγραφής: Rehabilitation
- Γενική υποδιαίρεση: methods.
942 ## - KOHA INTERNAL USE
- Τύπος καθιερωμένου αρχείου: TOPIC_TERM